000
00328nam a2200157Ia 4500
100
_a
Narayana/Aswatha/P.A
650
_a
Mechanics
942
_c
BK
366
_f
20
245
_a
Engineering Fluid Mechanics
260
_b
Narosa
_c
2004
082
_a
532
_b
NAR
300
_a
581
546
_a
ENGLISH
_c
Info.Tech
999
_c
33434
_d
33434